[Event "Dimitrovgrad Summer op"]
[Site "Dimitrovgrad"]
[Date "2013.06.29"]
[Round "4"]
[White "Abbasov, Orudj"]
[Black "Elkina, Yuliya"]
[Result "1-0"]
[WhiteElo "1759"]
[BlackElo "1635"]
[PlyCount "58"]
[EventDate "2013.06.22"]
[EventType "swiss"]
[EventRounds "9"]
[EventCountry "RUS"]
[SourceTitle "EXT 2014"]
[Source "ChessBase"]
[SourceDate "2013.11.20"]
[SourceVersion "1"]
[SourceVersionDate "2013.11.20"]
[SourceQuality "1"]

1. e4 e6 2. d4 b6 3. Nf3 Bb7 4. Bd3 Nf6 5. Nbd2 Be7 6. b3 d6 7. Bb2 Nbd7 8. 0-0 0-0 9. Re1 c5 10. c4 cxd4 11. Nxd4 Nc5 12. Bc2 Qc7 13. b4 Ncd7 14. Qe2 d5 15. exd5 Bxb4 16. dxe6 Bxd2 17. Qxd2 Ng4 18. f4 Nc5 19. e7 Rfe8 20. Nb5 Qc6 21. Nd6 Reb8 22. e8Q+ Rxe8 23. Rxe8+ Rxe8 24. Nxe8 Qxe8 25. Re1 Qb8 26. Qe2 Nf6 27. Bxf6 gxf6 28. Qg4+ Kf8 29. Bxh7 Ne6 1-0

[Event "Dimitrovgrad-ch"]
[Site "Dimitrovgrad"]
[Date "2013.02.24"]
[Round "5"]
[White "Beldyugin, Alexey"]
[Black "Abbasov, Orudj"]
[Result "1-0"]
[WhiteElo "2061"]
[BlackElo "1752"]
[PlyCount "119"]
[EventDate "2013.02.16"]
[EventType "swiss"]
[EventRounds "9"]
[EventCountry "RUS"]
[SourceTitle "CBM 153 Extra"]
[Source "ChessBase"]
[SourceDate "2013.04.22"]
[SourceVersion "1"]
[SourceVersionDate "2013.04.22"]
[SourceQuality "1"]

1. c4 e6 2. g3 d5 3. Bg2 Nf6 4. Nf3 Bd6 5. 0-0 0-0 6. b3 Nbd7 7. Bb2 b6 8. Nc3 Bb7 9. Nb5 Be7 10. d3 a6 11. Na3 c5 12. Re1 d4 13. e3 e5 14. Qd2 Re8 15. Nc2 Qc7 16. b4 Rad8 17. exd4 exd4 18. Re2 Bd6 19. Rae1 Rxe2 20. Rxe2 Re8 21. Rxe8+ Nxe8 22. Qe2 Nef6 23. Bc1 h6 24. Nh4 Bxg2 25. Nxg2 Qc6 26. bxc5 bxc5 27. Nh4 Bf8 28. Na1 Qe6 29. Qxe6 fxe6 30. Kf1 Bd6 31. f4 Kf7 32. Nb3 e5 33. Nf5 Bf8 34. fxe5 Nxe5 35. Ke2 Ke6 36. Nh4 g5 37. Ng2 g4 38. Nf4+ Kf5 39. Ba3 Nfd7 40. Nd5 Nf3 41. Nc7 Nxh2 42. Nxa6 h5 43. Naxc5 Nf3 44. Bb4 h4 45. gxh4 Nxc5 46. Bxc5 Bxc5 47. Nxc5 Nxh4 48. Ne4 Ke5 49. Kf2 Nf5 50. a4 Ne7 51. a5 Nc6 52. a6 Ke6 53. Kg3 Kd7 54. Kxg4 Kc7 55. Kf4 Kb6 56. Nd2 Kxa6 57. Nb3 Kb6 58. Ke4 Nb4 59. Kxd4 Nc2+ 60. Ke4 1-0

[Event "Dimitrovgrad-ch"]
[Site "Dimitrovgrad"]
[Date "2012.02.22"]
[Round "4"]
[White "Abbasov, Orudj"]
[Black "Eralashkin, Vadim"]
[Result "1-0"]
[WhiteElo "1703"]
[BlackElo "1722"]
[PlyCount "37"]
[EventDate "2012.02.19"]
[EventType "swiss"]
[EventRounds "9"]
[EventCountry "RUS"]
[SourceTitle "CBM 147 Extra"]
[Source "ChessBase"]
[SourceDate "2012.04.24"]
[SourceVersion "1"]
[SourceVersionDate "2012.04.24"]
[SourceQuality "1"]

1. d4 d5 2. Nf3 Nc6 3. Bf4 Bg4 4. e3 a6 5. c4 dxc4 6. Bxc4 e6 7. a3 Bd6 8. Bg3 Nf6 9. Nbd2 b5 10. Ba2 0-0 11. Qc2 h6 12. Qxc6 Bxg3 13. hxg3 Bxf3 14. Qxf3 c5 15. dxc5 Qd3 16. Bb1 Qd7 17. Ne4 Nxe4 18. Qxe4 Rad8 19. Qh7# 1-0

[Event "Dimitrovgrad Teenagers op"]
[Site "Dimitrovgrad"]
[Date "2010.08.19"]
[Round "2"]
[White "Abbasov, Orudj"]
[Black "Olisov, Andrey"]
[Result "0-1"]
[WhiteElo "1702"]
[BlackElo "2151"]
[PlyCount "114"]
[EventDate "2010.08.18"]
[EventType "swiss"]
[EventRounds "7"]
[EventCountry "RUS"]
[SourceTitle "CBM 138 Extra"]
[Source "ChessBase"]
[SourceDate "2010.10.29"]
[SourceVersion "1"]
[SourceVersionDate "2010.10.29"]
[SourceQuality "1"]

1. e4 e6 2. d4 d5 3. Nd2 c5 4. exd5 Qxd5 5. Ndf3 Nf6 6. c3 Nc6 7. Bb5 Bd7 8. Ne2 cxd4 9. Nexd4 Nxd4 10. Bxd7+ Nxd7 11. Qxd4 Qxd4 12. Nxd4 a6 13. Nf3 Rc8 14. Be3 Bc5 15. Ke2 Bxe3 16. Kxe3 Ke7 17. Rac1 Nb6 18. Nd2 Nd5+ 19. Kf3 Rhd8 20. Nb3 Rc4 21. Rhd1 Rdc8 22. Rd4 R4c7 23. Nd2 h6 24. a3 f5 25. Re1 Nf6 26. h3 h5 27. c4 g5 28. b3 Kf7 29. Rd6 Re8 30. g3 e5 31. Kg2 g4 32. h4 Re6 33. Rd3 e4 34. Rd4 Rd7 35. Rxd7+ Nxd7 36. Re3 Rd6 37. Nb1 Ne5 38. Nc3 Rd2 39. Re2 Rd3 40. Re3 Rd2 41. Re2 Nf3 42. b4 Rd4 43. c5 Ke6 44. Re3 Ke5 45. Kf1 Nd2+ 46. Ke2 Nc4 47. Nd1 Nxe3 48. Nxe3 Ke6 49. Nc2 Rd3 50. a4 Kd5 51. b5 Kxc5 52. bxa6 bxa6 53. Ne1 Ra3 54. Nc2 Ra2 55. Kd1 a5 56. Ne3 Rxf2 57. Ke1 Rf3 0-1

[Event "Dimitrovgrad Petrosian Memorial op"]
[Site "Dimitrovgrad"]
[Date "2010.06.21"]
[Round "8"]
[White "Abbasov, Orudj"]
[Black "Abramov, Pavel"]
[Result "0-1"]
[WhiteElo "1715"]
[BlackElo "2071"]
[PlyCount "64"]
[EventDate "2010.06.12"]
[EventType "swiss"]
[EventRounds "9"]
[EventCountry "RUS"]
[SourceTitle "CBM 137 Extra"]
[Source "ChessBase"]
[SourceDate "2010.09.01"]
[SourceVersion "1"]
[SourceVersionDate "2010.09.01"]
[SourceQuality "1"]

1. e4 c5 2. Nf3 d6 3. d4 cxd4 4. Nxd4 Nf6 5. Nc3 a6 6. Be3 Ng4 7. Bd2 Qb6 8. f3 Qxd4 9. fxg4 Nc6 10. h3 g6 11. Bd3 Be6 12. Qe2 Bg7 13. a3 Qb6 14. Rb1 Be5 15. Qf2 Bd4 16. Qe2 0-0 17. Na4 Qc7 18. Bc3 Ba7 19. b4 b5 20. Nb2 Nd4 21. Qd2 Rac8 22. Bxd4 Bxd4 23. Nd1 d5 24. Bxb5 Qg3+ 25. Kf1 axb5 26. Qxd4 dxe4 27. Qe3 Qe5 28. c3 f5 29. g5 f4 30. Qd4 Bc4+ 31. Ke1 Qxd4 32. cxd4 Rfd8 0-1

[Event "Dimitrovgrad Petrosian Memorial op"]
[Site "Dimitrovgrad"]
[Date "2010.06.20"]
[Round "7"]
[White "Prikhodko, Anton"]
[Black "Abbasov, Orudj"]
[Result "1-0"]
[WhiteElo "2074"]
[BlackElo "1715"]
[PlyCount "81"]
[EventDate "2010.06.12"]
[EventType "swiss"]
[EventRounds "9"]
[EventCountry "RUS"]
[SourceTitle "CBM 137 Extra"]
[Source "ChessBase"]
[SourceDate "2010.09.01"]
[SourceVersion "1"]
[SourceVersionDate "2010.09.01"]
[SourceQuality "1"]

1. e4 e5 2. Nf3 Nc6 3. Bb5 a6 4. Ba4 Nf6 5. 0-0 b5 6. Bb3 Be7 7. Re1 0-0 8. d3 d6 9. c3 Bg4 10. Nbd2 Re8 11. Nf1 Na5 12. Bc2 Bf8 13. Bg5 h6 14. Bh4 g5 15. Bg3 Nb7 16. Ne3 Be6 17. d4 Bg4 18. Nxg4 Nxg4 19. h3 Nf6 20. dxe5 dxe5 21. Qxd8 Rexd8 22. Bxe5 Ne8 23. Rad1 Nbd6 24. b3 Bg7 25. Bxg7 Nxg7 26. e5 Ndf5 27. Be4 Rab8 28. g4 Ne7 29. Nd4 c5 30. Nf5 Nexf5 31. gxf5 a5 32. Rd6 Rxd6 33. exd6 Rd8 34. Rd1 Ne8 35. d7 Nf6 36. Bc6 b4 37. cxb4 cxb4 38. Rd6 Kg7 39. Kf1 h5 40. Ke2 Ng8 41. Kd3 1-0

[Event "Dimitrovgrad-ch"]
[Site "Dimitrovgrad"]
[Date "2009.??.??"]
[Round "6"]
[White "Akimov, Gennadiy"]
[Black "Abbasov, Orudj"]
[Result "1-0"]
[WhiteElo "2015"]
[BlackElo "1700"]
[PlyCount "49"]
[EventDate "2009.08.??"]
[EventType "swiss"]
[EventRounds "9"]
[EventCountry "RUS"]
[SourceTitle "EXT 2012"]
[Source "ChessBase"]
[SourceDate "2011.11.24"]
[SourceVersion "1"]
[SourceVersionDate "2011.11.24"]
[SourceQuality "1"]

1. b4 d5 2. e3 Nf6 3. Bb2 e6 4. b5 Bd6 5. f4 Nbd7 6. Nf3 c5 7. Be2 Qc7 8. 0-0 e5 9. g3 0-0 10. Rf2 Re8 11. Rg2 Qb6 12. f5 e4 13. Nh4 Be5 14. c3 d4 15. g4 Nd5 16. Bc4 Ne7 17. g5 Nf8 18. Qf1 Qc7 19. Bxf7+ Kxf7 20. Qc4+ Nd5 21. Qxd5+ Ke7 22. cxd4 cxd4 23. Ba3+ Bd6 24. Qxe4+ Kd8 25. Qxd4 1-0

[Event "Uljanovsk Petrosian Memorial op"]
[Site "Uljanovsk"]
[Date "2008.06.24"]
[Round "9"]
[White "Abbasov, Orudj"]
[Black "Marizina, Yulia"]
[Result "1-0"]
[WhiteElo "1720"]
[BlackElo "1476"]
[PlyCount "29"]
[EventDate "2008.06.14"]
[EventType "swiss"]
[EventRounds "9"]
[EventCountry "RUS"]
[SourceTitle "EXT 2022"]
[Source "ChessBase"]
[SourceDate "2021.10.06"]
[SourceVersion "1"]
[SourceVersionDate "2021.10.06"]
[SourceQuality "1"]

1. e4 e5 2. Nf3 Nf6 3. Nxe5 Nxe4 4. Qe2 Qe7 5. Qxe4 d6 6. d4 dxe5 7. dxe5 Nc6 8. Nc3 Nxe5 9. Nd5 Qd6 10. f4 Be6 11. Nc3 0-0-0 12. fxe5 Qb6 13. Bd2 c6 14. 0-0-0 Bb4 15. Bc4 1-0

[Event "Uljanovsk Petrosian Memorial op"]
[Site "Uljanovsk"]
[Date "2008.06.22"]
[Round "7"]
[White "Abbasov, Orudj"]
[Black "Bezvitelnov, Dmitriy"]
[Result "1-0"]
[WhiteElo "1720"]
[BlackElo "1711"]
[PlyCount "63"]
[EventDate "2008.06.14"]
[EventType "swiss"]
[EventRounds "9"]
[EventCountry "RUS"]
[SourceTitle "EXT 2022"]
[Source "ChessBase"]
[SourceDate "2021.10.06"]
[SourceVersion "1"]
[SourceVersionDate "2021.10.06"]
[SourceQuality "1"]

1. e4 e5 2. Nf3 Nf6 3. Nxe5 Nxe4 4. Qe2 Qe7 5. Qxe4 d6 6. d4 dxe5 7. dxe5 Nc6 8. Nc3 Qxe5 9. Qxe5+ Nxe5 10. Bf4 Bd6 11. Bg3 Bf5 12. 0-0-0 0-0-0 13. Rd5 f6 14. f4 Be6 15. fxe5 Bxd5 16. exd6 Bc6 17. dxc7 Rde8 18. Nb5 Bxb5 19. Bxb5 Re7 20. Rd1 a6 21. Bd3 g6 22. Kd2 Rhe8 23. Rf1 f5 24. Rf2 h6 25. h4 h5 26. Kc3 Re3 27. Bf4 R3e6 28. Kd2 R6e7 29. c4 Re6 30. c5 Rc6 31. Bd6 b6 32. Bxa6+ 1-0

[Event "Uljanovsk Petrosian Memorial op"]
[Site "Uljanovsk"]
[Date "2008.06.21"]
[Round "6"]
[White "Gruzdev, Artem"]
[Black "Abbasov, Orudj"]
[Result "0-1"]
[WhiteElo "1654"]
[BlackElo "1720"]
[PlyCount "86"]
[EventDate "2008.06.14"]
[EventType "swiss"]
[EventRounds "9"]
[EventCountry "RUS"]
[SourceTitle "EXT 2022"]
[Source "ChessBase"]
[SourceDate "2021.10.06"]
[SourceVersion "1"]
[SourceVersionDate "2021.10.06"]
[SourceQuality "1"]

1. Nf3 d5 2. g3 c6 3. Bg2 Nf6 4. 0-0 e6 5. d3 Nbd7 6. Nbd2 Bd6 7. e4 dxe4 8. dxe4 e5 9. b3 0-0 10. Bb2 Re8 11. Re1 b5 12. a4 Bb7 13. Qe2 a6 14. Nh4 g6 15. Nhf3 Bf8 16. Qd3 Qc7 17. Qc3 b4 18. Qe3 a5 19. Nc4 Ba6 20. Nfd2 Rad8 21. Rad1 Kh8 22. Qg5 Kg7 23. Qe3 h6 24. h3 Rb8 25. f4 Bc5 26. Qxc5 Nxc5 27. Bxe5 Rxe5 28. Nxe5 Ncd7 29. Nxd7 Nxd7 30. e5 Re8 31. Ne4 Nf8 32. Nd6 Rd8 33. Rd2 Nd7 34. Red1 Nc5 35. Nf5+ gxf5 36. Rxd8 Ne6 37. R8d6 Qb6+ 38. Kh2 Bb7 39. Rd7 Kg6 40. Re7 Ba8 41. Rdd7 Qf2 42. Ra7 Nd4 43. h4 Ne2 0-1

[Event "Uljanovsk Petrosian Memorial op"]
[Site "Uljanovsk"]
[Date "2008.06.19"]
[Round "5"]
[White "Abbasov, Orudj"]
[Black "Mamedov, Damir"]
[Result "1/2-1/2"]
[WhiteElo "1720"]
[BlackElo "1512"]
[PlyCount "79"]
[EventDate "2008.06.14"]
[EventType "swiss"]
[EventRounds "9"]
[EventCountry "RUS"]
[SourceTitle "EXT 2022"]
[Source "ChessBase"]
[SourceDate "2021.10.06"]
[SourceVersion "1"]
[SourceVersionDate "2021.10.06"]
[SourceQuality "1"]

1. e4 Nf6 2. Nc3 d5 3. exd5 Nxd5 4. d4 Nc6 5. Bc4 Nb6 6. Bb5 Bd7 7. Nf3 a6 8. Be2 Bf5 9. a3 e6 10. Bf4 Bd6 11. Bg3 Bxg3 12. hxg3 Nd5 13. Nh4 Nde7 14. Nf3 Bg6 15. Na2 Nf5 16. c3 0-0 17. Bd3 Re8 18. 0-0 Qf6 19. Re1 Nfe7 20. Nb4 Nxb4 21. axb4 Bxd3 22. Qxd3 Qf5 23. Rad1 Qxd3 24. Rxd3 Nd5 25. Rd2 a5 26. b5 a4 27. Ra1 Nb6 28. Rc2 Nc4 29. Nd2 Nxd2 30. Rxd2 g6 31. Ra3 Red8 32. c4 c6 33. bxc6 bxc6 34. Rad3 Ra5 35. f3 Kf8 36. Kf2 Ke7 37. Ke3 Rda8 38. Ra3 R8a7 39. Kd3 Rb7 40. Kc3 1/2-1/2

[Event "Uljanovsk Petrosian Memorial op"]
[Site "Uljanovsk"]
[Date "2008.06.16"]
[Round "3"]
[White "Abbasov, Orudj"]
[Black "Anikin, Victor"]
[Result "1/2-1/2"]
[WhiteElo "1720"]
[BlackElo "1888"]
[PlyCount "84"]
[EventDate "2008.06.14"]
[EventType "swiss"]
[EventRounds "9"]
[EventCountry "RUS"]
[SourceTitle "EXT 2022"]
[Source "ChessBase"]
[SourceDate "2021.10.06"]
[SourceVersion "1"]
[SourceVersionDate "2021.10.06"]
[SourceQuality "1"]

1. e4 c5 2. Nf3 Nc6 3. d4 cxd4 4. Nxd4 d6 5. Nc3 Nf6 6. Be2 e5 7. Nf3 Be7 8. 0-0 0-0 9. Bg5 Ne8 10. Bxe7 Qxe7 11. Nd5 Qd8 12. Bc4 Kh8 13. h3 f5 14. exf5 Bxf5 15. Ne3 Bg6 16. c3 a6 17. Nd5 b5 18. Be2 Ne7 19. Nxe7 Qxe7 20. Qd2 Rf4 21. g3 Rf8 22. Nh4 Be4 23. Qe3 Qb7 24. Bd3 Bc6 25. f3 Rd8 26. f4 e4 27. Be2 Nf6 28. Qd4 Nd5 29. f5 Rfe8 30. g4 Re5 31. g5 Kg8 32. g6 h6 33. f6 Nxf6 34. Nf5 Rd5 35. Nxh6+ gxh6 36. Qxf6 Rg5+ 37. Kh2 Qc7 38. Rac1 d5+ 39. Kh1 d4 40. Qe6+ Kh8 41. Qf6+ Kg8 42. Qe6+ Kh8 1/2-1/2

[Event "Dimitrovgrad Petrosian Memorial op"]
[Site "Dimitrovgrad"]
[Date "2008.06.04"]
[Round "3"]
[White "Abbasov, Orudj"]
[Black "Akimov, Gennadiy"]
[Result "0-1"]
[WhiteElo "1720"]
[BlackElo "2072"]
[PlyCount "98"]
[EventDate "2008.06.01"]
[EventType "swiss"]
[EventRounds "9"]
[EventCountry "RUS"]
[SourceTitle "CBM 124 Extra"]
[Source "ChessBase"]
[SourceDate "2008.07.03"]
[SourceVersion "1"]
[SourceVersionDate "2008.07.03"]
[SourceQuality "1"]

1. e4 e5 2. Nf3 Nf6 3. Nxe5 Nxe4 4. Qe2 Qe7 5. Qxe4 d6 6. d4 dxe5 7. dxe5 f6 8. Nc3 c6 9. exf6 gxf6 10. Qxe7+ Bxe7 11. Bf4 Bb4 12. 0-0-0 Bxc3 13. bxc3 Be6 14. a3 Nd7 15. Bd3 Kf7 16. Rhe1 Nb6 17. Bg3 Rad8 18. Bf1 Bc4 19. Bc7 Rxd1+ 20. Rxd1 Bxf1 21. Rxf1 Nd5 22. Bg3 Nxc3 23. Kd2 Ne4+ 24. Ke3 Re8 25. Kd3 Nc5+ 26. Kc4 b6 27. Rd1 Re2 28. c3 Re4+ 29. Rd4 Re6 30. Bb8 Ne4 31. Bxa7 b5+ 32. Kb3 Re7 33. f3 Nxc3 34. Kxc3 Rxa7 35. Kb3 Ke6 36. Re4+ Kd5 37. g4 c5 38. h4 c4+ 39. Kb4 Ra4+ 40. Kxb5 Rxa3 41. Rxc4 Rb3+ 42. Rb4 Rxf3 43. g5 f5 44. Rb1 Rh3 45. Rb4 Ke5 46. Kc5 f4 47. Rb7 Rxh4 48. Re7+ Kf5 49. Re2 Kxg5 0-1